000 00389nam a2200169Ia 4500
008 210210b1995 xxu||||| |||| 00| 0 eng d
041 _aeng
082 _a331/114
100 _aRAMAN (B S)
245 _aPrinciples of banking
260 _aMangalore
_bUnited Publishers
_c1995
300 _a448
650 _aPrinciples
650 _abanking
690 _aBanking
906 _a042390
999 _c127974
_d127974